| 000 | 00000nas 2200000za 4500 |
| 001 | 9.822486 |
| 003 | CaOODSP |
| 005 | 20221107143705 |
| 007 | cr ||||||||||| |
| 008 | 160812d20072010oncar p o f0 e0chi|d |
| 020 | |z978-0-662-03320-2 |
| 040 | |aCaOODSP|beng |
| 043 | |an-cn--- |
| 086 | 1 |aT1-20Ch-PDF|zT22-131/2008Ch-PDF |
| 245 | 00|a[Gateway corridor news] |h[electronic resource]. |
| 260 | |a[Ottawa] : |bTransport Canada |
| 310 | |aAnnual |
| 362 | 0 |a[Spring] 2007-Spring 2010. |
| 500 | |aIssued also in English, French, Korean, Vietnamese and Japanese. |
| 500 | |aEnglish title supplied by publisher. |
| 546 | |aText in traditional and simplified Chinese. |
| 692 | 07|2gccst|aInternational trade |
| 692 | 07|2gccst|aShipping |
| 710 | 1 |aCanada. |bTransport Canada. |
| 775 | 08|tGateway corridor news |w(CaOODSP)9.505935 |
| 792 | |t[Nouvelle de la porte et du corridor] |efre|w(CaOODSP)9.822487 |